PRACTICAL PHARMACEUTICAL MICROBIOLOGY (Record no. 8215)

MARC details
000 -LEADER
fixed length control field 00508nam a22001817a 4500
005 - DATE AND TIME OF LATEST TRANSACTION
control field 20240117103824.0
008 - FIXED-LENGTH DATA ELEMENTS--GENERAL INFORMATION
fixed length control field 230125b |||||||| |||| 00| 0 eng d
020 ## - INTERNATIONAL STANDARD BOOK NUMBER
ISBN 938426649-3
041 ## - LANGUAGE CODE
Language code of text/sound track or separate title eng
082 ## - DEWEY DECIMAL CLASSIFICATION NUMBER
Classification number 615.3 JAI-P
100 ## - MAIN ENTRY--AUTHOR NAME
Personal name JAIN ,VIPUL H., AHIRRAO, Dr. R.A , PAWAR, DR.S.P. AND TADAVI, S.A.
245 ## - TITLE STATEMENT
Title PRACTICAL PHARMACEUTICAL MICROBIOLOGY
250 ## - EDITION STATEMENT
Edition statement 1st ed.
260 ## - PUBLICATION, DISTRIBUTION, ETC. (IMPRINT)
Name of publisher BIRLA PRAKASHAN
Year of publication 2023-2024
300 ## - PHYSICAL DESCRIPTION
Number of Pages 78;P.
650 ## - SUBJECT ADDED ENTRY--TOPICAL TERM
Topical Term PHARMAACY
General subdivision D.PHARMA
942 ## - ADDED ENTRY ELEMENTS (KOHA)
Koha item type Books
Holdings
Lost status Damaged status Collection code Home library Current library Shelving location Date acquired Source of acquisition Cost, normal purchase price Full call number Accession Number Koha item type
    PHARMACY JRU Library JRU Library Shelf - 27- J 20/01/2023 LOHIA BOOK INTERNATIONAL 450.00 615.3 JAI-P 27403 Books
    PHARMACY JRU Library JRU Library Shelf - 27- J 20/01/2023 LOHIA BOOK INTERNATIONAL 450.00 615.3 JAI-P 27404 Books
    PHARMACY JRU Library JRU Library Shelf - 27- J 20/01/2023 LOHIA BOOK INTERNATIONAL 450.00 615.3 JAI-P 27405 Books
    PHARMACY JRU Library JRU Library Shelf - 27- J 20/01/2023 LOHIA BOOK INTERNATIONAL 450.00 615.3 JAI-P 27406 Books
    PHARMACY JRU Library JRU Library Shelf - 27- J 20/01/2023 LOHIA BOOK INTERNATIONAL 450.00 615.3 JAI-P 27407 Books